| Tag |
First Indicator |
Second Indicator |
Subfields |
| LEADER |
00000nam a2200000 i 4500 |
| 001 |
in00005693113 |
| 003 |
OCoLC |
| 005 |
20251023142546.1 |
| 006 |
m o d |
| 007 |
cr ||||||||||| |
| 008 |
250205t20252025ilua ob 001 0ceng |
| 010 |
|
|
|a 2025004944
|
| 024 |
8 |
|
|a 90103601133
|
| 040 |
|
|
|a DLC
|b eng
|e rda
|e pn
|c DLC
|d OCLCO
|d YDX
|d TFW
|d OSU
|d N$T
|d CDS
|d MUU
|
| 020 |
|
|
|a 9798892553131
|q (PDF)
|
| 020 |
|
|
|z 9798892553261
|q (paperback)
|
| 035 |
|
|
|a (OCoLC)1500921086
|
| 042 |
|
|
|a pcc
|
| 043 |
|
|
|a n-us---
|
| 050 |
|
4 |
|a Z720.A4
|b L44 2025
|
| 082 |
0 |
0 |
|a 020.92/520973
|2 23/eng/20250221
|
| 245 |
0 |
4 |
|a The legacy of Black women in librarianship :
|b when they dared to be powerful /
|c [edited by] Nicole A. Cooke ; afterword by Aisha M. Johnson.
|
| 264 |
|
1 |
|a Chicago :
|b ALA Neal-Schuman,
|c 2025.
|
| 264 |
|
4 |
|c ©2025
|
| 300 |
|
|
|a 1 online resource ( xvii, 214 pages) :
|b illustrations.
|
| 336 |
|
|
|a text
|b txt
|2 rdacontent
|
| 337 |
|
|
|a computer
|b c
|2 rdamedia
|
| 338 |
|
|
|a online resource
|b cr
|2 rdacarrier
|
| 490 |
1 |
|
|a Critical cultural information studies
|
| 532 |
1 |
|
|3 EBSCOhost
|a "EBSCO evaluates our products based on the Web Content Accessibility Guidelines (WCAG) and the related Section 508 and EN 301 549 regulations in the US and EU. Most EBSCO products are substantially conformant with WCAG 2.2 level AA." Source: https://connect.ebsco.com/s/article/EBSCO-VPATs?language=en_US. Last accessed April 22, 2025.
|
| 588 |
|
|
|a Description based on online resource; title from digital title page (EBSCOhost, viewed October 22, 2025).
|
| 504 |
|
|
|a Includes bibliographical references and index.
|
| 505 |
0 |
0 |
|g Prologue:
|t Children at Augusta Baker's feet, poem by Jennifer Bartell Boykin --
|t Augusta Baker : an early advocate for diverse books /
|r Nicole A. Cooke and Michael C. Wisenburg --
|t Ella Baker at the New York Public Library /
|r Courtney Becks --
|t Ethel Bolden /
|r Cynthia Johnson and Cearra Harris --
|t Doris Hargrett Clack : pioneer, activist, and educator /
|r Wendy Moore --
|t Sweet resolve : Mayme A. Clayton's response to the precarity of African American lives and historical materials /
|r Chaitra Powell --
|t Resurgence of a bibliotherapist : exploring the life and times of Sara "Sadie" Marie Peterson Delaney /
|r S. Michele Echols --
|t Eliza Atkins Gleason : researcher, dean, advocate /
|r LaKeshia Darden --
|t Miriam Matthews and the legacy of Black documentation in Los Angeles /
|r Jesse R. Erickson, Laura E. Helton, and Dalena Hunter --
|t Black quiet : continuing the work of activist librarian and community advocate Annie L. McPheeters /
|r Roberta Price Gardner and Morris R. Gardner --
|t Alice Roberts and the breakdown of segregation in northern library schools, 1890-1940 /
|r Anthony Cocciolo --
|t A life of service : Mattie Herd Roland in Birmingham, Alabama /
|r Brooke Becker --
|t A fulfilling legacy of Florida firsts : the pioneering impact of Henrietta Mays Smith /
|r Jason Alston --
|t Exploring six decades of librarianship with Jessie Carney Smith /
|r Jahala Simuel and Bethany McGowan --
|t Gently daring : the story of Anne Bethel Spencer--poet, librarian, gardener, and activist /
|r Shaina V. Anderson --
|t Lucille C. Thomas : championing diversity through library leadership /
|r Taina Evans --
|t Charlemae Hill Rollins : out of one, many /
|r LaVerne Gray --
|g Epilogue:
|t Charlemae Rollins at the Willard School, 1955, poem by Jennifer Bartell Boykin --
|g Afterword:
|t Black women--the resilient force uplifting all, by Aisha M. Johnson.
|
| 650 |
|
0 |
|a African American librarians
|v Biography.
|
| 650 |
|
0 |
|a Librarians
|z United States
|v Biography.
|
| 650 |
|
0 |
|a African Americans and libraries.
|
| 650 |
|
0 |
|a Minorities in library science
|z United States
|x History.
|
| 650 |
|
6 |
|a Bibliothécaires noirs américains
|v Biographies.
|
| 650 |
|
6 |
|a Bibliothécaires
|z États-Unis
|v Biographies.
|
| 650 |
|
6 |
|a Bibliothèques et Noirs américains.
|
| 650 |
|
6 |
|a Minorités en bibliothéconomie
|z États-Unis
|x Histoire.
|
| 655 |
|
7 |
|a Electronic books.
|2 local
|
| 700 |
1 |
|
|a Cooke, Nicole A.,
|e editor.
|1 https://id.oclc.org/worldcat/entity/E39PBJB8t4DTjqrgKKDwTJmKh3
|
| 700 |
1 |
|
|a Johnson, Aisha,
|e writer of afterword.
|1 https://id.oclc.org/worldcat/entity/E39PBJkHjcxdpkGxMdtxmXBVmd
|
| 710 |
2 |
|
|a EBSCOhost
|
| 776 |
1 |
8 |
|i Print version:
|t Legacy of Black women in librarianship.
|d Chicago : ALA Neal-Schuman, 2025
|z 9798892553261
|w (DLC) 2025004943
|w (OCoLC)1500920498
|
| 830 |
|
0 |
|a Critical cultural information studies.
|
| 856 |
4 |
0 |
|u http://proxy.library.tamu.edu/login?url=https://search.ebscohost.com/login.aspx?direct=true&scope=site&db=nlebk&db=nlabk&AN=4198914
|z Connect to the full text of this electronic book
|t 0
|
| 945 |
|
|
|b 653416
|
| 955 |
|
|
|a YBP purchased EBSCO DDA e-records
|
| 980 |
|
|
|b ebook
|c 90103601133
|f NONFIC/S
|g 565702
|k USD
|m 42.23
|q 1
|s AcqMono Conventional
|t Demand driven acquisitions (DDA)
|u Vendor order reference number
|v ZYBP
|y PDA
|z Electronic resource
|
| 999 |
f |
f |
|i 8ff74592-0d8a-47e2-b834-cc12180ac874
|s 56b66ddb-6519-45ad-b029-d16907d3c31e
|t 0
|
| 952 |
f |
f |
|a Texas A&M University
|b College Station
|c Electronic Resources
|s www_evans
|d Available Online
|t 0
|e Z720.A4 L44 2025
|h Library of Congress classification
|
| 998 |
f |
f |
|a Z720.A4 L44 2025
|t 0
|l Available Online
|